02149nam a22001937a 4500003000500000005001700005082001400022100002900036245011500065260003400180300001000214505151800224650002001742651002101762700004001783942001201823999001901835952010101854NUST20240920142927.0 a005.1,SHA aShahzad, Muneeb 9125934 aSmart Web App for Business Premises /cMuneeb Shahzad, Muhammad Zeeshan, Sher Muhammad Hamza, Obaid Ur Rehman. aMCS, NUST bRawalpindi c2024 a129 p aThis multifaceted project is meticulously crafted to cater to the needs of workplace employers, office workers, security personnel, and management staff. Its overarching goal is to introduce a sophisticated camera system that empowers project managers to oversee team activities with precision and efficacy. By leveraging this innovative system, the project endeavors to cultivate a workplace environment characterized by heightened productivity and a culture of innovation and efficiency. Central to its operation is the integration of a robust database with an extensive network of cameras strategically deployed throughout the building. This integration enables the system to detect various employee behaviors, facilitating essential functions such as clocking in and out, while also serving as a deterrent against detrimental habits like smoking, which can adversely impact office productivity. Moreover, the system equips managers with the tools to track employee progress and promptly address any workplace offenses captured by the cameras. Leveraging cutting-edge machine learning algorithms, the system analyses images to identify specific behaviors, flagging them within the database for further review and action. With its ability to consider multiple behaviors and synchronize data across numerous cameras in real-time, the project provides managers with comprehensive insights into employee performance, facilitating informed decision-making and driving continuous improvement across the organization. aUG BESE9114271 aBESE-26 9125902 aSupervisor Dr. Hammad Afzal9114319 2ddccPR c611600d611600 00102ddc4070aMCSbMCScGENd2024-09-20l0o005.1,SHApMCSPCS-485r2024-09-20w2024-09-20yPR